• 首页
  • 本馆介绍
  • 公告通知
  • 最新文献
  • 馆藏检索
  • 电子资源
  • 读者导购
  • 参考咨询
  • 我的图书馆
  • 登录
  • 详细信息显示
  • 放入我的书架
  • 预约/预借图书
  • 作者相关作品
  • 分类相关作品
  • 丛书相关作品
  • 出版社相关作品

书目信息

  • 表格格式
  • 工作单格式
  • 卡片格式
题名:
日用化工理化数据手册
    
 
作者: ;轻工业部设计院 编
分册:  
出版信息: 北京   轻工业出版社  1981
页数: 1036页
开本: 25cm
丛书名:
单 册:
中图分类: TQ-62
科图分类:
主题词: 化学工业
电子资源:
ISBN:
000 00786nam0 2200253 45
001 0181004029
005 20040518164249.6
010    @dCNY7.45
091    @a15042.1515
100    @a19950622d1981 em y0chiy0121 ea
101 0  @achi
102    @aCN@b110000
105    @ay o 000yy
106    @ar
200 10 @a日用化工理化数据手册@Ari yong hua gong li hua shu ju shou ce@e合成洗涤剂磷酸盐及其它助剂@f轻工业部设计院编
210    @a北京@c轻工业出版社@d1981
215    @a1036页@d25cm
517 1  @a合成洗涤剂磷酸盐及其它助剂@Ahe cheng xi di ji lin suan yan ji qi ta zhu ji
606 0  @a化学工业
690    @aTQ-62
711 02 @a轻工业部设计院@Aqing gong ye bu she ji yuan@4编
801  0 @aCN@b上海图书馆@c20040518
801  2 @aCN@bNLC@c20040518
905    @f2@b44334-335@dTQ-62@e2
    
    日用化工理化数据手册:合成洗涤剂磷酸盐及其它助剂/轻工业部设计院编.-北京:轻工业出版社,1981
    1036页;25cm
    
    
    ISBN :CNY7.45
    
●
相关链接 在E读中查询图书 在五车中查询图书 在当当中查询图书 在豆瓣中查询图书


正题名:日用化工理化数据手册     索取号:TQ-62/2         预约/预借

序号 登录号 条形码 馆藏地/架位号 状态 备注
1 0044334   001645688   第二样本阅览室/ [索取号:TQ-62/2] 在馆    
2 0044335   001645526   工具书阅览室/ [索取号:TQ-62/2] 在馆    
唐山师范学院图书馆 欢迎您!
大连网信软件有限公司© 版权所有